000 00723nam a22002657a 4500
003 CHAP
005 20220817042521.0
008 971013s1974 r 00010 d
010 _a46954
011 _a47926
035 _a52070
040 _cCHAP
082 _a582.18
_bT5
100 0 0 _aTiscornia, Julio R.
_9113418
245 _aEnredaderas y trepadoras
260 _aBuenos Aires :
_bAlbatros,
_c1974
300 _a129 p.
_b: ilus.
590 _aBATCH-UPD
_b10
_c20130110
_lUCH01
_h1551
590 _aCONVERSION
_b10
_c20130109
_lUCH01
_h1326
650 1 4 _aEnredaderas.
650 1 4 _aFlores.
_941358
901 _aBK
942 _cLIBRO
949 _a582.18 T5
_bBC
_cLIBRO
_d33724000454955
_eLIBRO
_fc.2
_h44954
_i52070
_si
999 _c46954
_d46954